تطور التعليم والقيادة في التعليم العالي : (Record no. 3234)

MARC details
000 -LEADER
fixed length control field 01101nam a2200229 ar4500
001 - CONTROL NUMBER
control field 3236
005 - DATE AND TIME OF LATEST TRANSACTION
control field 20221127090716.0
008 - FIXED-LENGTH DATA ELEMENTS--GENERAL INFORMATION
fixed length control field 130428s su a 00010|ara d
020 ## - INTERNATIONAL STANDARD BOOK NUMBER
International Standard Book Number 9789960548227
082 04 - DEWEY DECIMAL CLASSIFICATION NUMBER
Classification number 378.111
Item number ت607
245 00 - TITLE STATEMENT
Title تطور التعليم والقيادة في التعليم العالي :
Remainder of title تطوير استراتيجية مؤسساتية فاعلة /
Statement of responsibility, etc. تحرير كيم فريسر ؛ ترجمة مروان حموي ؛ مراجعة عبدالمطلب جابر.
250 ## - EDITION STATEMENT
Edition statement ط. 1.
260 ## - PUBLICATION, DISTRIBUTION, ETC.
Place of publication, distribution, etc. الرياض :
Name of publisher, distributor, etc. مكتبة العبيكان،
Date of publication, distribution, etc. 2011.
300 ## - PHYSICAL DESCRIPTION
Extent 296 ص. :
Other physical details ايض. ؛
Dimensions 24 سم.
440 #0 - SERIES STATEMENT/ADDED ENTRY--TITLE
Title مشروع الترجمة المشترك ؛
Volume/sequential designation 51.
500 ## - GENERAL NOTE
General note ترجمة لكتاب: Education development and leadership in higher education / Kym Fraser. 2005.
504 ## - BIBLIOGRAPHY, ETC. NOTE
Bibliography, etc. note يتضمن المصادر ص. 279-296.
650 #4 - SUBJECT ADDED ENTRY--TOPICAL TERM
Topical term or geographic name entry element الجامعات والكليات
General subdivision تنظيم وادارة.
650 #4 - SUBJECT ADDED ENTRY--TOPICAL TERM
Topical term or geographic name entry element التعليم العالي
General subdivision تنظيم وادارة.
700 0# - ADDED ENTRY--PERSONAL NAME
Personal name فريسر، كيم،
Relator term محرر.
700 0# - ADDED ENTRY--PERSONAL NAME
Personal name حموي، مروان،
Relator term مترجم.
Holdings
Withdrawn status Lost status Source of classification or shelving scheme Damaged status Not for loan Home library Current library Date acquired Total Checkouts Full call number Barcode Date last seen Copy number Price effective from Koha item type
              11/27/2022   378.111 ت607 1000000010137 11/27/2022 ل 1 11/27/2022 Book
          CENTRAL CENTRAL 11/27/2022   378.111 ت607 1000000008319 11/27/2022 C1 11/27/2022 Book